000 02298nam a22002057a 4500
999 _c37442
_d37442
020 _a9781032234212
041 _aEnglish.
082 _a327.51054223
_bCHI-
245 _aChina And South Asia:
_bChanging Regional Dynamics ,Development And Power Play /
_cedited by Rajiv Ranjan And Guo Changgang.
250 _aSouth Asia Edition.
260 _aNew York :
_bRoutledge,
_c2022.
300 _axxvi, 277p.
_b:ill,
504 _aInclude index.
520 _aThis book looks at the changing dynamics and regional power play between China and South Asia. It explores crucial issues such as China–Pakistan Economic Corridor and the changing nature of China–India relations; China’s trident approach in South Asia and its rising influence in the region; the responses of small states to rising China; China’s twenty-first-century Belt and Road Initiative; China and India; China’s rise and the USA’s security policy vis-à-vis India; the Shanghai Cooperation Organization and regional security; and Russia’s ‘Pivot to the East’ and its impact on the Asia-Pacific region. The volume brings together the views of scholars from China, South Asia and beyond on different aspects of China and South Asia engagement, including regional politics, connectivity, infrastructure and development projects, power politics, economy, ideology and culture. The chapters offer insights into trends and challenges within China’s economic and security environment as impacted by globalization, regional interests and the demands of cooperation. They present critical, comprehensive and expert analyses of China’s engagement with South Asia by covering historical, sociological, political, cultural, economic and strategic factors while including perspectives from individual countries. This volume will be useful to scholars and researchers of Chinese studies, politics and international relations, South Asian studies, foreign policy, diplomacy, security and strategic studies and political studies, as well as to those in media, policymakers, bureaucrats, diplomats and think tanks.
650 _aChina
_xForeign relations
_zSouth Asia.
650 _aSouth Asia
_xForeign economic relations
_zChina.
700 _aRanjan, Rajiv
_eeditor.
700 _aChanggang, Guo
_eeditor.
942 _2ddc
_cBK